Catálogo

El estado está de vuelta: desigualdad, diversidad y democracia / (Registro nro. 28208)

Detalles MARC
000 -LEADER
fixed length control field 01365cam a2200385 i 4500
001 - CONTROL NUMBER
control field 28208
003 - CONTROL NUMBER IDENTIFIER
control field Mx-PuUPA
005 - DATE AND TIME OF LATEST TRANSACTION
control field 20250430115957.0
008 - FIXED-LENGTH DATA ELEMENTS--GENERAL INFORMATION
fixed length control field 140415s2005 pe a gr 001 0 spa d
017 ## - COPYRIGHT OR LEGAL DEPOSIT NUMBER
Copyright or legal deposit number 2005-5762
020 ## - INTERNATIONAL STANDARD BOOK NUMBER
International Standard Book Number 9972511294
022 ## - INTERNATIONAL STANDARD SERIAL NUMBER
International Standard Serial Number 0079-1075
040 ## - CATALOGING SOURCE
Transcribing agency Mx-PuUPA
Original cataloging agency Mx-PuUPA
Language of cataloging spa
Modifying agency Mx-PuUPA
Description conventions rda
041 0# - LANGUAGE CODE
Language code of text/sound track or separate title spa
245 ## - TITLE STATEMENT
Title El estado está de vuelta: desigualdad, diversidad y democracia /
Statement of responsibility, etc. editor, Víctor Vich ; María Rostworowski, Efraín González de Olarte [y otros siete], autores
250 ## - EDITION STATEMENT
Edition statement Primera edición /
Remainder of edition statement setiembre
264 #1 - PRODUCTION, PUBLICATION, DISTRIBUTION, MANUFACTURE, AND COPYRIGHT NOTICE
Place of production, publication, distribution, manufacture Lima, Perú :
Name of producer, publisher, distributor, manufacturer IEP ediciones,
Date of production, publication, distribution, manufacture, or copyright notice 2005
300 ## - PHYSICAL DESCRIPTION
Extent 282 páginas :
Other physical details tablas ;
Dimensions 21 cm
336 ## - CONTENT TYPE
Fuente rdacontent
Content type term texto
Content type code txt
337 ## - MEDIA TYPE
Source rdamedia
Media type term sin medio
Media type code n
338 ## - CARRIER TYPE
Source rdacarrier
Carrier type term volumen
Carrier type code nc
490 0# - SERIES STATEMENT
Series statement Perú Problema ;
Volume/sequential designation 30
650 #7 - SUBJECT ADDED ENTRY--TOPICAL TERM
Source of heading or term armarc
Topical term or geographic name entry element Democracia
Geographic subdivision Perú
650 #7 - SUBJECT ADDED ENTRY--TOPICAL TERM
Source of heading or term armarc
Topical term or geographic name entry element Luchas sociables
Geographic subdivision Perú
650 #7 - SUBJECT ADDED ENTRY--TOPICAL TERM
Source of heading or term armarc
Topical term or geographic name entry element Política económica
Geographic subdivision Perú
650 #7 - SUBJECT ADDED ENTRY--TOPICAL TERM
Source of heading or term armarc
Topical term or geographic name entry element Pluralismo (Ciencias Sociales)
651 #4 - SUBJECT ADDED ENTRY--GEOGRAPHIC NAME
Geographic name Perú
General subdivision Política y gobierno 1980
700 1# - ADDED ENTRY--PERSONAL NAME
Personal name Vich, Víctor,
Relator term editor
700 1# - ADDED ENTRY--PERSONAL NAME
Personal name Rostworowski, María,
Relator term autor
700 1# - ADDED ENTRY--PERSONAL NAME
Personal name González de Olarte, Efraín,
Relator term autor
942 ## - ADDED ENTRY ELEMENTS (KOHA)
Source of classification or shelving scheme Dewey Decimal Classification
Koha item type Libro
Classification part 323.0985
Item part E78
Existencias
Withdrawn status Lost status Source of classification or shelving scheme Damaged status Not for loan Collection code Home library Current library Shelving location Date acquired Source of acquisition Cost, normal purchase price Total Checkouts Full call number Barcode Date last seen Cost, replacement price Price effective from Koha item type
    Dewey Decimal Classification     General Biblioteca Karol Wojtyla Biblioteca Karol Wojtyla Sala general 01/01/2022 Donación 0.00   323.0985 E78 2005 62648 05/01/2026 0.00 03/12/2013 Libro